Nation branding: komparácia vybraných štátov bakalárska práca

Gespeichert in:
Bibliographische Detailangaben
1. Verfasser: Kelnarová, Lucia
Körperschaft: Fakulta medzinárodných vzťahov EU. Katedra medzinárodných ekonomických vzťahov a hospodárskej diplomacie
Weitere Verfasser: Drutarovská, Jana, 1989-
Format: Buch
Sprache:Slowakisch
Veröffentlicht: Bratislava 2015
Tags: Tag hinzufügen
Keine Tags, Fügen Sie das erste Tag hinzu!

MARC

LEADER 00000nbm a2200000 4500
001 0202607
005 20161212100130.1
041 0 |a slo 
044 |a SK 
245 1 0 |a Nation branding: komparácia vybraných štátov  |b bakalárska práca  |c Lucia Kelnarová ; školiteľ: Jana Drutarovská 
264 1 |a Bratislava  |c 2015 
300 |a 61 s. 
100 1 |a Kelnarová, Lucia 
700 1 |a Drutarovská, Jana, 1989- 
710 2 |a Fakulta medzinárodných vzťahov EU. Katedra medzinárodných ekonomických vzťahov a hospodárskej diplomacie